Statistics for Sunflower Lyrics

Click here to take the quiz!

General Stats

  • This quiz has been taken 112 times
  • The average score is 158 of 231

Answer Stats

Answer% Correct
I
97%
a
94%
to
94%
to,
94%
L,
93%
sunflower
90%
it
87%
you
87%
You
87%
in
86%
your
86%
no
85%
baby,
82%
She
82%
i'm
80%
I'm
80%
my
80%
the
80%
you're
79%
You're
79%
too
77%
wreck
77%
Crash
76%
say,
76%
bad
75%
bad-bad
75%
bad-bad,
75%
Callin'
75%
keep
75%
me
75%
nevertheless
75%
now,
75%
place,
75%
was
75%
at
73%
be
73%
check
72%
dust
72%
much
72%
Then
72%
by
70%
left
70%
Needless
70%
stuck
70%
Stuck
70%
can
69%
don't
68%
hear
68%
ya
68%
like
66%
And
65%
and
65%
Every
65%
on
63%
quits
63%
ride
63%
wanna
63%
her
62%
Some
62%
think
62%
can't
61%
easy,
61%
know
59%
oh
59%
time
59%
Unless
59%
lose
58%
love
58%
that
58%
cruise
56%
not
56%
big
55%
for
55%
make
55%
tryna
55%
would
55%
how
54%
Someone
54%
took
54%
felt
52%
go
52%
leavin'
52%
all
51%
there
51%
keeping
49%
refuse
49%
could
48%
party
48%
things
48%
way,
48%
around
46%
down
46%
grip
46%
just
46%
losin'
46%
sideways,
46%
turn
46%
alone
45%
But
45%
Looking
45%
trip
45%
Wish
45%
out
44%
scared
44%
walking
44%
we
44%
always
42%
back
42%
face,
42%
Give
42%
if
42%
come
41%
it's
41%
of
41%
reason
41%
Screamin'
41%
won't
41%
right
39%
tellin'
39%
control
38%
Even
38%
risk
38%
unknown
37%
Fightin'
35%
gotta
35%
Thinkin'
35%
tilt
35%
you'll
35%
trust
34%
Or
27%

Score Distribution

Percentile by Number Answered

Percent of People with Each Score

Your Score History

You have not taken this quiz